000 00366nam a2200145Ia 4500
008 260319s9999 xx 000 0 und d
020 _a9.789384007e+012
082 _a621.395
_bRAM/V
100 _aRamamurthy,S
245 0 _aVHDL Modeling for Digital design Synthesis
250 _a1st Ed.
260 _aNew Delhi
_bMedtech
_c2017
300 _a356p.
942 _cBK
999 _c51213
_d51213